It looks like you're offline.
Open Library logo
additional options menu

MARC Record from Scriblio

Record ID marc_records_scriblio_net/part18.dat:170191915:759
Source Scriblio
Download Link /show-records/marc_records_scriblio_net/part18.dat:170191915:759?format=raw

LEADER: 00759cam 2200217 a 4500
001 86033476
003 DLC
005 19890901000000.0
008 861216s1987 enk b 00110 eng
010 $a 86033476
020 $a0566054655 :$c$50.00 (U.S. : est.)
043 $ad------
050 0 $aK3830.4$b.D48 1987
082 0 $a341.7/52$219
100 20 $aDetter Delupis, Ingrid,$d1936-
245 10 $aFinance and protection of investments in developing countries /$cIngrid Detter De Lupis.
250 $a2nd ed.
260 0 $aAldershot, Hants, England ;$aBrookfield, Vt., USA :$bGower,$c1987.
300 $axvii, 183 p. ;$c23 cm.
504 $aIncludes bibliographical references and index.
650 0 $aInvestments, Foreign$xLaw and legislation$zDeveloping countries.